BIBLIOTECA

SENCICO

Comunicación empresarial : (Registro nro. 4280)

Detalles MARC
000 -LEADER
fixed length control field 01058nam a22002777a 4500
003 - CONTROL NUMBER IDENTIFIER
control field PE SENCICO BE
005 - DATE AND TIME OF LATEST TRANSACTION
control field 20251020182641.0
008 - FIXED-LENGTH DATA ELEMENTS--GENERAL INFORMATION
fixed length control field 230812b |||||||| |||| 00| 0 eng d
020 ## - INTERNATIONAL STANDARD BOOK NUMBER
International Standard Book Number 978-958-648-735-1
040 ## - CATALOGING SOURCE
Original cataloging agency PE SENCICO BE
Transcribing agency PE SENCICO BE
041 ## - LANGUAGE CODE
Language code of text/sound track or separate title spa
082 ## - DEWEY DECIMAL CLASSIFICATION NUMBER
Classification number 658.45
Item number C
-- 2011
245 1# - TITLE STATEMENT
Title Comunicación empresarial :
Remainder of title plan estratégico como herramienta gerencial y nuevos retos del comunicador en las organizaciones /
Statement of responsibility, etc. editora: María Cristina Ocampo Villegas
250 ## - EDITION STATEMENT
Edition statement 2a ed.
260 ## - PUBLICATION, DISTRIBUTION, ETC.
Place of publication, distribution, etc. Bogotá :
Name of publisher, distributor, etc. Ecoe Ediciones :
-- Universidad de La Sabana,
Date of publication, distribution, etc. 2011
300 ## - PHYSICAL DESCRIPTION
Extent 292 p. :
Other physical details diagrs.,
Dimensions 24 cm.
440 ## - SERIES STATEMENT/ADDED ENTRY--TITLE
9 (RLIN) 1357
Title Textos universitarios
Name of part/section of a work Administración
504 ## - BIBLIOGRAPHY, ETC. NOTE
Bibliography, etc. note Referencias bibliográficas: p. 292.
650 10 - SUBJECT ADDED ENTRY--TOPICAL TERM
9 (RLIN) 934
Topical term or geographic name entry element Comunicación organizacional
650 20 - SUBJECT ADDED ENTRY--TOPICAL TERM
9 (RLIN) 1358
Topical term or geographic name entry element Comunicación en administración
650 20 - SUBJECT ADDED ENTRY--TOPICAL TERM
9 (RLIN) 731
Topical term or geographic name entry element Planificación estratégica
650 20 - SUBJECT ADDED ENTRY--TOPICAL TERM
9 (RLIN) 419
Topical term or geographic name entry element Planificación empresarial
700 1# - ADDED ENTRY--PERSONAL NAME
9 (RLIN) 1359
Personal name Ocampo Villegas, María Cristina
Relator term editor
910 ## - USER-OPTION DATA (OCLC)
-- hfp
-- hfp
942 ## - ADDED ENTRY ELEMENTS (KOHA)
Source of classification or shelving scheme Dewey Decimal Classification
Koha item type Libros
Existencias
Fecha de la última vez que lo usaron Número de ingreso o de inventario Pago total Signatura topográfica completa Precio efectivo desde Tipo de documento Estado perdido Sistema de clasificación Estado dañado No es para préstamo Retirado Ubicación permanente Ubicación actual Fecha de adquisición Fuente de adquisición
12/08/2023 16636   658.45/C/2011 12/08/2023 Libros   Dewey Decimal Classification       Biblioteca Central Lima Biblioteca Central Lima 03/08/2023 Comprado de la librería Cydma Tech